Investment management : (Record no. 150324)

MARC details
000 -LEADER
fixed length control field 00707nam a22002057a 4500
005 - DATE AND TIME OF LATEST TRANSACTION
control field 20180310153127.0
010 ## - LCCN (DPL NO)
LC control number B-667729
020 ## - INTERNATIONAL STANDARD BOOK NUMBER
Terms of availability 395.00
International Standard Book Number 9789351610718
035 ## - SYSTEM CONTROL NUMBER
System control number B-667729
037 ## - SOURCE OF ACQUISITION
Source of stock number/acquisition KKP
082 ## - DEWEY DECIMAL CLASSIFICATION NUMBER
Classification number 332.6068
100 ## - MAIN ENTRY--PERSONAL NAME
Personal name Rustagi, R.P.
245 ## - TITLE STATEMENT
Title Investment management :
Statement of responsibility, etc by R.P. Rustagi
Remainder of title theory and practice /
250 ## - EDITION STATEMENT
Edition statement 8th rev. ed
260 ## - PUBLICATION, DISTRIBUTION, ETC. (IMPRINT)
Place of publication, distribution, etc New Delhi
Name of publisher, distributor, etc Sultan Chand
Date of publication, distribution, etc 2016
270 ## - ADDRESS
Address 23, Daryaganj
City New Delhi
Postal code 110002
300 ## - PHYSICAL DESCRIPTION
Extent xvi,378p.
Dimensions 25cm(pbk)
942 ## - ADDED ENTRY ELEMENTS (KOHA)
Source of classification or shelving scheme Dewey Decimal Classification
Item type English Books
Call number suffix RUS
Classification part 332.6068
Holdings
Withdrawn status Lost status Not for loan Collection code Home library Current library Date acquired Source of acquisition Cost, normal purchase price Full call number Barcode Copy number Cost, replacement price Koha item type
      Non-fiction Ashok Vihar Ashok Vihar 10/03/2018 KKP/278/24.2.2017/420/15.2.2017/17.3.2017 395.00 332.6068 RUS B-667729 1 395.00 English Books

© Delhi Public Library
Hit Counter
free hit counter